Online riadenie laboratórneho experimentu TOS1A

Gespeichert in:
Bibliographische Detailangaben
1. Verfasser: Dano, Andrej (Verfasst von)
Weitere Verfasser: Žáková, Katarína (Betreuung Doktorarbeit)
Format: Manuskript Buch
Sprache:Slowakisch
Veröffentlicht: 2016
Schlagworte:
Online-Zugang:http://is.stuba.sk/zp/portal_zp.pl?podrobnosti=119880
Tags: Tag hinzufügen
Keine Tags, Fügen Sie das erste Tag hinzu!

MARC

LEADER 00000ntm a22000003a 4500
001 stuzp55053
003 SK-STU
005 20160808113703.5
007 ta
008 150427s2015----xo-----f-mn---000-0-slo-d
040 |a STU  |b slo 
041 0 |a slo 
044 |a xo 
100 1 |a Dano, Andrej  |u 035000  |k Z4  |4 aut  |U FEI Fakulta elektrotechniky a informatiky  |T FEI Ústav informatiky a matematiky  |X 8737  |U E050  |Y 816  |7 A000008737 
242 0 1 |a Online control of laboratory experiment TOS1A  |y eng 
245 1 0 |a Online riadenie laboratórneho experimentu TOS1A 
260 |c 2016 
300 |a 73 s., príl.,  |b CD-ROM 
650 4 |a online TOS1A  |2 slo 
650 4 |a TOS1A riadenie  |2 slo 
650 4 |a online riadenie tepelno-optickej sústavy  |2 slo 
650 4 |a TOS1A  |2 slo 
650 4 |a online TOS1A  |2 eng 
650 4 |a TOS1A control  |2 eng 
650 4 |a TOS1A  |2 eng 
650 4 |a online control of thermo-optical device  |2 eng 
700 1 |a Žáková, Katarína  |u 030400  |k Z1  |4 ths  |U FEI Fakulta elektrotechniky a informatiky  |T FEI Ústav automobilovej mechatroniky  |X 4948  |U E400  |Y 642  |7 A000004948 
856 4 |u http://is.stuba.sk/zp/portal_zp.pl?podrobnosti=119880 
996 |b 284EP11449  |c E*DIPL- 11449  |l EE35  |s P  |a 0  |w stuzp55053_0001 
SQL |a stuzp55053  |b DDP  |c SLO  |d Online riadenie laboratórneho experimentu TOS1A  |e 8737  |f Dano, Andrej  |g 035000  |h 4948  |i Žáková, Katarína  |j 20160615  |k 359  |l 03  |m http://is.stuba.sk/zp/portal_zp.pl?podrobnosti=119880  |n I-API  |o 9.2.9. aplikovaná informatika